MARC

Tag First Indicator Second Indicator Subfields
LEADER 00000cam a22000001a 4500
001 in00002808317
005 20190331182607.0
006 m o d
007 cr bn mmmapmmp
008 100104s1905 dcu o f000 0 eng d
035 |a cis2004339911 
040 |a UMI  |c UMI  |d UtOrBLW 
043 |a n-us--- 
099 |a ProQuest Serial Set Number 4910 S.doc.7 
110 1 |a United States.  |b Congress.  |b Senate.  |b Office of the Sergeant at Arms. 
245 1 0 |a Property in possession of the Sergeant-at-Arms. 
246 1 |a Public property of Sergeant-at-Arms of Senate, 1905 
264 1 |a Washington :  |b [publisher not identified],  |c 1905. 
300 |a 1 online resource. 
336 |a text  |b txt  |2 rdacontent 
337 |a computer  |b c  |2 rdamedia 
338 |a online resource  |b cr  |2 rdacarrier 
490 0 |a S.doc.7 
500 |a Record is based on bibliographic data in ProQuest U.S. Serial Set Digital Collection (last viewed Jan. 2010). Reuse except for individual research requires license from ProQuest, LLC. 
510 3 |a ProQuest U.S. Serial Set Digital Collection 
500 |a Electronic resource. 
610 1 0 |a United States.  |b Congress.  |b Senate. 
650 0 |a Government property. 
651 0 |a United States  |x Officials and employees. 
655 7 |a Electronic books.  |2 local 
710 2 |a ProQuest (Firm) 
830 0 |a United States congressional serial set. 
856 4 0 |u http://proxy.library.tamu.edu/login?url=http://congressional.proquest.com/congcomp/getdoc?SERIAL-SET-ID=4910+S.doc.7  |z Connect to the full text of this electronic book  |t 0 
999 |a MARS 
999 f f |s 5092f7d6-05c5-3ea1-b53f-37a1ce9b8265  |i a8c261b4-9b70-350d-a55c-7d600b8f6232  |t 0 
952 f f |a Texas A&M University  |b College Station  |c Electronic Resources  |d Available Online  |t 0  |e ProQuest Serial Set Number 4910 S.doc.7  |h Other scheme 
998 f f |a ProQuest Serial Set Number 4910 S.doc.7  |t 0  |l Available Online